Ekonometria Materialy z 24 Konferencie Ekonometryków Statystyków i Matematyków Akademii Ekonomicznych Polski Poludniowej 6 Seminarium Ekonometrycznego im Prof. Zbigniewa Pawlowskiego. Leszna, 20-22 kwietnia 1988

Salvato in:
Dettagli Bibliografici
Natura: Libro
Lingua:polacco
Pubblicazione: Wroclaw Akademia Ekon. im. Oskara Langego 1988
Edizione:1. wyd.
Serie:Prace naukowe Nr.404
Tags: Aggiungi Tag
Nessun Tag, puoi essere il primo ad aggiungerne!!

MARC

LEADER 00000nam a2200000 4500
001 c038506
005 20221219123242.1
041 0 |a pol 
044 |a PL 
245 1 0 |a Ekonometria  |b Materialy z 24 Konferencie Ekonometryków Statystyków i Matematyków Akademii Ekonomicznych Polski Poludniowej 6 Seminarium Ekonometrycznego im Prof. Zbigniewa Pawlowskiego. Leszna, 20-22 kwietnia 1988 
250 |a 1. wyd. 
264 1 |a Wroclaw  |b Akademia Ekon. im. Oskara Langego  |c 1988 
300 |a 225 s. 
490 1 |a Prace naukowe  |v Nr.404 
830 0 |a Prace naukowe  |v Nr.404